ბათუმის შოთა რუსთაველის სახელმწიფო უნივერსიტეტის ბიბლიოთეკა

Pattern Recognition and Machine Learning / (ბიბ.ჩანაწერი № 54311)

000 -LEADER
fixed length control field 00717nam a2200241Ia 4500
001 - CONTROL NUMBER
control field 21367
003 - CONTROL NUMBER IDENTIFIER
control field GE_BSU
005 - DATE AND TIME OF LATEST TRANSACTION
control field 20240328115902.0
008 - FIXED-LENGTH DATA ELEMENTS--GENERAL INFORMATION
fixed length control field 181216s2006||||enk|||||||||||||| ||eng||
020 ## - INTERNATIONAL STANDARD BOOK NUMBER
International Standard Book Number 978143938438
020 ## - INTERNATIONAL STANDARD BOOK NUMBER
International Standard Book Number 9780387310732
040 ## - CATALOGING SOURCE
Transcribing agency GE_BSU
041 ## - LANGUAGE CODE
Language code of text/sound track or separate title eng
080 ## - UNIVERSAL DECIMAL CLASSIFICATION NUMBER
Universal Decimal Classification number 004+514 B-56
100 ## - MAIN ENTRY--PERSONAL NAME
Personal name Bishop, Christopher M.
9 (RLIN) 21616
245 ## - TITLE STATEMENT
Title Pattern Recognition and Machine Learning /
Statement of responsibility, etc. Christopher M. Bishop.
264 ## - PRODUCTION, PUBLICATION, DISTRIBUTION, MANUFACTURE, AND COPYRIGHT NOTICE
Place of production, publication, distribution, manufacture Cambridge :
Name of producer, publisher, distributor, manufacturer Springer,
Date of production, publication, distribution, manufacture, or copyright notice 2006.
300 ## - PHYSICAL DESCRIPTION
Extent 738 p.;
Other physical details 24cm.
653 ## - INDEX TERM--UNCONTROLLED
keyword Информационные технологии
653 ## - INDEX TERM--UNCONTROLLED
keyword საინფორმაციო ტექნოლოგიები
942 ## - ADDED ENTRY ELEMENTS (KOHA)
Koha item type წიგნი
Source of classification or shelving scheme
ეგზემპლარები
Withdrawn status Lost status Source of classification or shelving scheme Damaged status Not for loan Permanent Location Current Location Date acquired Cost, normal purchase price Full call number Barcode Date last seen Copy number Price effective from Koha item type Public note Shelving location
          ბათუმის შოთა რუსთაველის სახელმწიფო უნივერსიტეტის მთავარი ბიბლიოთეკა ბათუმის შოთა რუსთაველის სახელმწიფო უნივერსიტეტის მთავარი ბიბლიოთეკა 2018-12-17 231.00 004+514 B-56 55297 2018-12-17 55297 2018-12-17 წიგნი 231 ლ.  
          ბათუმის შოთა რუსთაველის სახელმწიფო უნივერსიტეტის მთავარი ბიბლიოთეკა ბათუმის შოთა რუსთაველის სახელმწიფო უნივერსიტეტის მთავარი ბიბლიოთეკა 2024-03-28 272.00 004+514 B-56 67732 2024-03-28 67732 2024-03-28 წიგნი 272 ლ. წიგნსაცავი